By hook & ladder : the story of five fighting in America /

A history of fire fighting including information on firemen, female firefighters, fire engines, fire fighting techniques, and some famous fires in American history.

Bibliographic Details
Main Author: Loeper, John J.
Format: Book
Language:English
Published: New York : Atheneum, 1981.
Edition:1st ed.
Subjects:

MARC

Tag First Indicator Second Indicator Subfields
LEADER 00000pam a2200000 a 4500
001 in00000077008
005 20151008055022.0
008 800606s1981 nyua j b 00010 engm
010 |a  80036738  
020 |a 0689308167 
035 |a (OCoLC)06487657 
035 |9 AAJ2335AM 
040 |a DLC  |c DLC  |d m.c.  |d TXA  |d UtOrBLW 
049 |a [Curr Col] TXAM  |c [1196072] 
050 0 0 |a TH9148  |b .L6 
082 0 |a 628.9/25 
100 1 |a Loeper, John J. 
245 1 0 |a By hook & ladder :  |b the story of five fighting in America /  |c by John J. Loeper. 
250 |a 1st ed. 
264 1 |a New York :  |b Atheneum,  |c 1981. 
300 |a x, 77 unnumbered pages :  |b illustrations ;  |c 24 cm. 
336 |a text  |b txt  |2 rdacontent 
337 |a unmediated  |b n  |2 rdamedia 
338 |a volume  |b nc  |2 rdacarrier 
504 |a Bibliography: page [77]. 
520 |a A history of fire fighting including information on firemen, female firefighters, fire engines, fire fighting techniques, and some famous fires in American history. 
650 0 |a Fire extinction  |v Juvenile literature. 
650 0 |a Fire fighters  |v Juvenile literature. 
650 1 |a Fire extinction. 
650 1 |a Fire fighters. 
999 |a MARS 
999 f f |s 99b614eb-fd16-3813-a055-85c240ed1312  |i 60a22aa6-a018-3666-9033-7f28a43ce00f  |t 0 
952 f f |p ric  |a Texas A&M University  |b Rellis Campus  |c Joint Library Facility  |d Remote Storage  |t 0  |e TH9148 .L6  |h Library of Congress classification  |i unmediated -- volume  |m A14806056276 
998 f f |a TH9148 .L6  |t 0  |l Remote Storage